000
00331nam a22001457a 4500
008
230517b ||||| |||| 00| 0 eng d
020
_a
9780132435109
041
_a
eng
080
_2
NINTH EDITION
_a
339.1
082
_a
339.1KOT
100
_a
23
101
_a
MBE
245
_a
MARKETING MANAGEMENT
_c
KOTLER.PH
942
_2
udc
_c
BK
999
_c
59760
_d
59760